[Event "Pardubice Czech op-C 29th"]
[Site "Pardubice"]
[Date "2018.07.22"]
[Round "2"]
[White "Vit, Jakub"]
[Black "Kofler, Thomas"]
[Result "0-1"]
[WhiteElo "1722"]
[BlackElo "1988"]
[PlyCount "40"]
[EventDate "2018.07.21"]
[EventType "swiss"]
[EventRounds "9"]
[EventCountry "CZE"]
[SourceTitle "CBM 186 Extra"]
[Source "ChessBase"]
[SourceDate "2018.08.24"]
[SourceVersion "1"]
[SourceVersionDate "2018.08.24"]
[SourceQuality "1"]

1. c4 e5 2. Nc3 c5 3. g3 Nf6 4. Bg2 Nc6 5. e3 d6 6. Nge2 Bg4 7. 0-0 Qd7 8. b3 Bh3 9. d4 h5 10. dxc5 h4 11. gxh4 Rxh4 12. Ng3 Bxg2 13. Kxg2 e4 14. Ncxe4 Nxe4 15. Rh1 Qh3+ 16. Kg1 Nxc5 17. Ba3 0-0-0 18. Qf3 Ne5 19. Qd5 Ne4 20. Qd1 Nc3 0-1

[Event "CZE-chT U20 Extraliga final-B 1415"]
[Site "Czech Republic"]
[Date "2015.04.25"]
[Round "10.4"]
[White "Zitny, Michal"]
[Black "Vit, Jakub"]
[Result "1/2-1/2"]
[WhiteElo "1547"]
[BlackElo "1646"]
[PlyCount "87"]
[EventDate "2014.10.11"]
[EventType "team-tourn"]
[EventRounds "11"]
[EventCountry "CZE"]
[SourceTitle "EXT 2021"]
[Source "ChessBase"]
[SourceDate "2020.10.23"]
[SourceVersion "1"]
[SourceVersionDate "2020.10.23"]
[SourceQuality "1"]
[WhiteTeam "Brno Lokomotiva (U20) II"]
[BlackTeam "Hradec Kralove Ortex (U20)"]
[WhiteTeamCountry "CZE"]
[BlackTeamCountry "CZE"]

1. d4 d5 2. c4 e6 3. cxd5 exd5 4. Nc3 Nf6 5. Bg5 Be7 6. Qc2 Nbd7 7. e3 0-0 8. Bd3 b6 9. Nf3 h6 10. Bf4 c5 11. 0-0 Bb7 12. Rfe1 Nh5 13. Bg3 Nxg3 14. hxg3 Rc8 15. Rac1 Bf6 16. Qb1 Re8 17. Nb5 Nf8 18. Nxa7 Ra8 19. Nb5 c4 20. Bf5 Ra5 21. Nc3 b5 22. a3 Qb6 23. b3 Qa6 24. bxc4 bxc4 25. Nd2 Bc6 26. Qb2 Rxa3 27. Ra1 Ra8 28. Rxa3 Qxa3 29. Rb1 Qxb2 30. Rxb2 Ra3 31. Ndb1 Ra5 32. Kf1 g6 33. Bg4 Nd7 34. Ke2 Kg7 35. Kd2 Be7 36. Kd1 Nf6 37. Bf3 Ba3 38. Rb6 Ba8 39. Kc2 Nd7 40. Rb5 Rxb5 41. Nxb5 Bb4 42. N1c3 Bxc3 43. Kxc3 Nb6 44. Kb4 1/2-1/2

[Event "Kouty nad Desnou op-B"]
[Site "Kouty nad Desnou"]
[Date "2015.03.13"]
[Round "8"]
[White "Vit, Jakub"]
[Black "Pravda, Krystof"]
[Result "0-1"]
[WhiteElo "1617"]
[BlackElo "1563"]
[PlyCount "66"]
[EventDate "2015.03.07"]
[EventType "swiss"]
[EventRounds "9"]
[EventCountry "CZE"]
[SourceTitle "EXT 2017"]
[Source "ChessBase"]
[SourceDate "2016.10.25"]
[SourceVersion "1"]
[SourceVersionDate "2016.10.25"]
[SourceQuality "1"]

1. c4 e5 2. g3 f5 3. Bg2 Nf6 4. Nc3 d6 5. Nf3 Be7 6. 0-0 Be6 7. b3 h6 8. d4 e4 9. Ne1 d5 10. f3 Bb4 11. Nxd5 Bxd5 12. cxd5 Qxd5 13. fxe4 fxe4 14. Bb2 0-0 15. Nd3 Bd6 16. Nf4 Bxf4 17. Rxf4 Nc6 18. e3 Rae8 19. Ba3 Rf7 20. Qe1 Rd7 21. Qc3 Qh5 22. Qc4+ Kh8 23. h3 Qg5 24. Qe2 Qxg3 25. Qf2 Qg5 26. Rf1 Nd5 27. Rf8+ Rxf8 28. Qxf8+ Kh7 29. Kh1 Qg6 30. Qf2 Nf6 31. Qf4 Kh8 32. h4 Nh5 33. Qxe4 Ng3+ 0-1

[Event "Kouty nad Desnou op-B"]
[Site "Kouty nad Desnou"]
[Date "2014.03.13"]
[Round "7"]
[White "Vit, Jakub"]
[Black "Lhotsky, Zdenek"]
[Result "1-0"]
[WhiteElo "1592"]
[BlackElo "1539"]
[PlyCount "99"]
[EventDate "2014.03.08"]
[EventType "swiss"]
[EventRounds "9"]
[EventCountry "CZE"]
[SourceTitle "EXT 2015"]
[Source "ChessBase"]
[SourceDate "2014.11.20"]
[SourceVersion "1"]
[SourceVersionDate "2014.11.20"]
[SourceQuality "1"]

1. c4 Nf6 2. Nc3 e5 3. g3 d5 4. cxd5 Nxd5 5. Bg2 Nb6 6. Nf3 Nc6 7. 0-0 Be6 8. d3 Be7 9. Bd2 0-0 10. a3 a5 11. Na4 Nd5 12. Rc1 f6 13. Nc5 Bxc5 14. Rxc5 Qd6 15. Qc1 Nce7 16. Rxa5 Rad8 17. e4 Nc6 18. exd5 Nxa5 19. dxe6 Nb3 20. Qc4 Nxd2 21. Nxd2 Kh8 22. Bh3 Rfe8 23. Rc1 c6 24. Rc3 Re7 25. Ne4 Qc7 26. Nc5 Rd4 27. Qb3 g6 28. Nd7 f5 29. Rc5 Qd6 30. Qxb7 Qxe6 31. Qb8+ Re8 32. Qxe5+ Qxe5 33. Rxe5 Rd8 34. Nc5 Rb8 35. Re2 Rd5 36. Na6 Rb6 37. Nb4 Rd4 38. Rc2 Rd6 39. Bg2 Re6 40. Kf1 Rb8 41. Rxc6 Re5 42. Rc1 Rbe8 43. Bc6 Rc8 44. d4 Re6 45. d5 Rd6 46. a4 Rb8 47. Nd3 Rb3 48. Ne5 Kg7 49. Nc4 Rb8 50. Nxd6 1-0